[Event "Novy Bor op"]
[Site "Novy Bor"]
[Date "2010.02.15"]
[Round "4"]
[White "Stuchly, Jaroslav"]
[Black "Oresky, Jan"]
[Result "0-1"]
[WhiteElo "1920"]
[BlackElo "2144"]
[PlyCount "116"]
[EventDate "2010.02.13"]
[EventType "swiss"]
[EventRounds "9"]
[EventCountry "CZE"]
[SourceTitle "CBM 134 Extra"]
[Source "ChessBase"]
[SourceDate "2010.03.03"]
[SourceVersion "1"]
[SourceVersionDate "2010.03.03"]
[SourceQuality "1"]

1. c4 Nf6 2. Nc3 d5 3. cxd5 Nxd5 4. d4 g6 5. Nf3 Bg7 6. g3 0-0 7. Bg2 Nb6 8. 0-0 Nc6 9. e3 Re8 10. a3 e5 11. d5 Na5 12. e4 c6 13. b4 Nac4 14. dxc6 bxc6 15. Qc2 Qc7 16. Na4 Nxa4 17. Qxc4 Be6 18. Qc2 Nb6 19. Rd1 a5 20. Bd2 a4 21. Rdc1 Rac8 22. Be3 Bb3 23. Qc3 Nc4 24. Bf1 Nxe3 25. fxe3 Qa7 26. Nd2 Bh6 27. Kf2 Be6 28. Rc2 Bg4 29. Re1 Qd7 30. Nc4 Qe6 31. Rd2 Bf8 32. Nb6 Rcd8 33. Nxa4 Rxd2+ 34. Qxd2 Qb3 35. Nc5 Qxa3 36. h3 Be6 37. Nxe6 Rxe6 38. Rb1 Rd6 39. Qb2 Rf6+ 40. Ke2 Qa6+ 41. b5 cxb5 42. Qxb5 Qa2+ 43. Rb2 Qa1 44. Rb1 Qc3 45. Qb3 Qc6 46. Bg2 Kg7 47. Bf3 Bc5 48. Qc4 Qa8 49. Rc1 Bf8 50. Kf2 Qa3 51. Qc3 Qa4 52. Qc2 Qa5 53. g4 Bb4 54. Rd1 h6 55. Rd5 Qa1 56. Qe2 Qh1 57. Rd1 Qh2+ 58. Kf1 Qxh3+ 0-1